000 00288nam a22001337a 4500
008 171113b xxu||||| |||| 00| 0 eng d
020 _a9780073019789
041 _aeng
080 _a338
100 _a53
101 _aMAN
245 _aREATILINNG MANAGENENT
_cLEVY.W
942 _2udc
_cBK
999 _c38262
_d38262